Дело духовного собора Александро-Невской лавры о взыскании с Санкт-Петербургского мещанина Михаила Александровича Лукьянова арен...

Доступно только в Электронных читальных залах Найти на картеНа карте
RUSMARC
00003760nmc2a2200000 x 450
0011268101e-6912-483a-a873-4f60f405f0ba
00520171211115359.0
100##$a20140822l19021902k l0rusy0189 ca
1010#$arus
102##$aRU
2001#$aДело духовного собора Александро-Невской лавры о взыскании с Санкт-Петербургского мещанина Михаила Александровича Лукьянова арендной платы и неустойки и о признании условия нарушенным
$j[Начато]20 августа 1902 г.
251##$cДело
300##$aДело
801#0$aRU
$bРГИА
$c20140822
$gRCR
801#1$aRU
$bГлавНИВЦ
$c20140822
$2rusmarc
801#2$aRU
$bПБ им. Б.Н. Ельцина
$c20171211
$gRCR
$2rusmarc
850##$aРГИА
852##$aРГИА
$eФедеральное казенное учреждение "Российский государственный исторический архив" (РГИА)
$j8
$lа
937##$hРГИА
$d12097001
$aASBIBLIO_SCAN
462#0$10017225d41c-50ce-434a-b1fc-7efe2f4bcd5d
$12001
$a1898-1919 гг. Дела Александро-Невской лавры за 1902 г.
$1251
$cОпись
$1852
$j11
461#0$1001797db5dd-11cb-45cb-8b15-b71eb4796399
$12001
$aАлександро-Невская лавра
$1251
$cФонд
$1852
$j815
215##$a35 л.
$d36,5x26 см
371##$aДокумент не является опубликованным и широко распространяемым
105##$aу###
1222#$ad
035##$a1268101e-6912-483a-a873-4f60f405f0ba
856##$uhttp://readingroom.main.prlib.ru/item.aspx?id_node=n111467346&mode=full
Формат отображения